00630 2200229 4500001002100000005001700021008004100038020001800079035002400097082001200121090002200133245004400155260002700199300003000226500004300256650003900299850001200338980001100350985000600361986001000367999002300377YOGYA-0209000005717720090227034154.0 ind  a979-731-724-2 0010-020900000057177 a005.369 a005.369bMahlDEP aMAHIR dalam 7 hari microsoft excel 2003 aYogyakartabAndic2005 axiv, 258 hlmbilusc23 cm aDiterbitkan bekerjasama dengan MADCOMS aMicrosoft Excel (Program Komputer) aYOPDYOG a210705 a1 artrev a2005-194 h CB-D.11